[Event "21 Open Ciudad de Jaen"]
[Site "Jaen ESP"]
[Date "2011.02.06"]
[Round "4.2"]
[White "Fedorchuk, Sergey A"]
[Black "Razmyslov, Alexander"]
[Result "1-0"]
[WhiteElo "2650"]
[BlackElo "2439"]
[PlyCount "121"]
[EventDate "2011.02.06"]
[EventType "swiss (rapid)"]
[EventRounds "9"]
[EventCountry "ESP"]
[Source "lmi"]
[SourceDate "2011.02.06"]

1. e4 c5 2. Nf3 Nc6 3. Bb5 Na5 4. d4 a6 5. Be2 cxd4 6. Nxd4 Qc7 7. O-O Nf6 8.
Nc3 e6 9. f4 d6 10. Bf3 Be7 11. Kh1 O-O 12. Qe1 Rb8 13. e5 Ne8 14. exd6 Nxd6
15. f5 Qc5 16. fxe6 Qxd4 17. exf7+ Rxf7 18. Bd5 Kf8 19. Bxf7 Nxf7 20. Bf4 Nc6
21. Rd1 Qb4 22. a3 Qa5 23. b4 Qh5 24. Nd5 Bg4 25. Bxb8 Bxd1 26. Nxe7 Nxb8 27.
Nf5 Be2 28. Rf2 Bb5 29. Nd6 Kg8 30. Nxf7 h6 31. Nd6 Bc6 32. Qe6+ Kh7 33. Qf5+
Qxf5 34. Nxf5 Nd7 35. c4 Ne5 36. Ne3 Kg6 37. Kg1 Ba4 38. Rd2 Kf7 39. c5 Bc6 40.
h3 Ke6 41. Rd6+ Kf7 42. Rd4 Ke6 43. Nc4 Nf7 44. Na5 Bd5 45. Rd2 Ne5 46. Kf2 Ng6
47. Ke3 Ke5 48. g3 Ne7 49. g4 g5 50. Re2 Ng6 51. Kd3+ Kf6 52. Kd4 Bh1 53. Rh2
Bf3 54. Rf2 Nh4 55. Nxb7 Ke6 56. Na5 Bh1 57. Re2+ Kd7 58. c6+ Kd6 59. Rc2 Kc7
60. Kc5 Nf3 61. Re2 1-0

[Event "21 Open Ciudad de Jaen"]
[Site "Jaen ESP"]
[Date "2011.02.06"]
[Round "4.3"]
[White "Ivanov, Jordan"]
[Black "Granda Zuñiga, Julio E"]
[Result "0-1"]
[WhiteElo "2469"]
[BlackElo "2615"]
[PlyCount "77"]
[EventDate "2011.02.06"]
[EventType "swiss (rapid)"]
[EventRounds "9"]
[EventCountry "ESP"]
[Source "lmi"]
[SourceDate "2011.02.06"]

1. d4 Nf6 2. c4 e6 3. Nc3 Bb4 4. e3 b6 5. Bd3 Bb7 6. Nf3 c5 7. O-O O-O 8. Na4
cxd4 9. exd4 Be7 10. a3 d5 11. c5 bxc5 12. Nxc5 Bxc5 13. dxc5 Nbd7 14. b4 e5
15. Bb5 a6 16. Ba4 Qc7 17. Re1 Rfe8 18. Bg5 Re6 19. Rc1 Bc6 20. Bxc6 Qxc6 21.
Bxf6 gxf6 22. Nh4 Kh8 23. Qh5 Rg8 24. Qxf7 d4 25. Rcd1 Rg7 26. Qh5 Rg5 27. Qf3
e4 28. Qf4 d3 29. f3 Rge5 30. fxe4 Rxe4 31. Rxe4 Rxe4 32. Qh6 Qd5 33. Nf3 Re2
34. Qf4 Qb3 35. Qc1 Qg8 36. g3 Qg4 37. Rxd3 Qe4 38. Qd1 Nxc5 39. bxc5 0-1

[Event "21 Open Ciudad de Jaen"]
[Site "Jaen ESP"]
[Date "2011.02.06"]
[Round "4.4"]
[White "Iturrizaga, Eduardo"]
[Black "Aranaz Murillo, Amalia"]
[Result "1-0"]
[WhiteElo "2611"]
[BlackElo "2137"]
[PlyCount "69"]
[EventDate "2011.02.06"]
[EventType "swiss (rapid)"]
[EventRounds "9"]
[EventCountry "ESP"]
[Source "lmi"]
[SourceDate "2011.02.06"]

1. Nf3 d5 2. c4 c6 3. e3 Nf6 4. Nc3 a6 5. b3 Bg4 6. Bb2 e6 7. h3 Bh5 8. g4 Bg6
9. Rg1 Nbd7 10. h4 h6 11. Ne2 Bd3 12. Rc1 Qb6 13. Nf4 dxc4 14. Nxd3 cxd3 15.
Bxd3 O-O-O 16. g5 hxg5 17. hxg5 Nd5 18. a3 f6 19. b4 e5 20. gxf6 gxf6 21. Bf5
Bh6 22. Qb3 Kb8 23. Bxd7 Rxd7 24. Nxe5 Re7 25. Nc4 Qc7 26. Kd1 Qh2 27. Rf1 Rd8
28. Kc2 Bxe3 29. fxe3 Nxe3+ 30. Kb1 Nxf1 31. Rxf1 Qh7+ 32. Ka1 Rde8 33. Qg3+
Rc7 34. Bd4 Qg8 35. Qf4 1-0

[Event "21 Open Ciudad de Jaen"]
[Site "Jaen ESP"]
[Date "2011.02.06"]
[Round "4.5"]
[White "Komljenovic, Davorin"]
[Black "Matamoros Franco, Carlos S"]
[Result "1/2-1/2"]
[WhiteElo "2457"]
[BlackElo "2545"]
[PlyCount "65"]
[EventDate "2011.02.06"]
[EventType "swiss (rapid)"]
[EventRounds "9"]
[EventCountry "ESP"]
[Source "lmi"]
[SourceDate "2011.02.06"]

1. d4 Nf6 2. c4 g6 3. Nc3 Bg7 4. e4 d6 5. f4 c5 6. d5 O-O 7. Nf3 e6 8. dxe6
fxe6 9. Bd3 Nc6 10. O-O a6 11. Kh1 Rb8 12. a4 b6 13. Ng5 Rb7 14. Bd2 Re7 15.
Qf3 e5 16. f5 h6 17. Ne6 Bxe6 18. fxe6 Rxe6 19. Qh3 Nd4 20. Bxh6 Bxh6 21. Qxh6
Ng4 22. Rxf8+ Qxf8 23. Qxf8+ Kxf8 24. Rf1+ Rf6 25. Rxf6+ Nxf6 26. g3 Kg7 27.
Kg2 Kh6 28. h3 Kg5 29. Kf2 Kh6 30. Ke3 Kg5 31. Kf2 Kh6 32. Ke3 Kg5 33. Kf2
1/2-1/2

[Event "21 Open Ciudad de Jaen"]
[Site "Jaen ESP"]
[Date "2011.02.06"]
[Round "4.6"]
[White "Moreno Trujillo, Alejandro"]
[Black "Cuenca Jimenez, Jose Fernando"]
[Result "1-0"]
[WhiteElo "2449"]
[BlackElo "2496"]
[PlyCount "82"]
[EventDate "2011.02.06"]
[EventType "swiss (rapid)"]
[EventRounds "9"]
[EventCountry "ESP"]
[Source "lmi"]
[SourceDate "2011.02.06"]

1. d4 b6 2. Bf4 Bb7 3. e3 g6 4. Nf3 Bg7 5. Nbd2 d6 6. h3 Nd7 7. Nc4 Ngf6 8. c3
O-O 9. a4 a6 10. Bh2 Ne4 11. Be2 e6 12. O-O Qe7 13. Nfd2 Nxd2 14. Nxd2 e5 15.
Bf3 e4 16. Be2 h6 17. b4 f5 18. a5 b5 19. c4 bxc4 20. Bxc4+ Kh8 21. b5 Nf6 22.
bxa6 Bxa6 23. Qe2 Bxc4 24. Qxc4 Ra7 25. a6 Rfa8 26. Ra5 Nd7 27. Rfa1 Nb6 28.
Qa2 Qe8 29. Nc4 Nd7 30. Qa4 Qc8 31. Qb5 Nb8 32. Bxd6 cxd6 33. Nb6 Qd8 34. Nxa8
Rxa8 35. a7 Nd7 36. Ra6 Bf8 37. Qb7 f4 38. Qxe4 fxe3 39. fxe3 Bg7 40. Rxd6 Rc8
41. Qa8 Rxa8 1-0

[Event "21 Open Ciudad de Jaen"]
[Site "Jaen ESP"]
[Date "2011.02.06"]
[Round "4.7"]
[White "Rivas Pastor, Manuel"]
[Black "Ruiz Sanchez, Miguel Angel"]
[Result "1-0"]
[WhiteElo "2533"]
[BlackElo "2248"]
[PlyCount "74"]
[EventDate "2011.02.06"]
[EventType "swiss (rapid)"]
[EventRounds "9"]
[EventCountry "ESP"]
[Source "lmi"]
[SourceDate "2011.02.06"]

1. d4 e6 2. c4 f5 3. g3 Nf6 4. Bg2 Bb4+ 5. Nd2 O-O 6. Ngf3 d6 7. O-O a5 8. Nb1
d5 9. c5 a4 10. a3 Ba5 11. Qxa4 Bd7 12. Qc2 b6 13. cxb6 cxb6 14. Ne5 b5 15. Nd2
Qe7 16. Nb3 Rc8 17. Qd3 Bb6 18. Bg5 Be8 19. Rfc1 Na6 20. Qd1 Qa7 21. Bxf6 gxf6
22. Nf3 Rc4 23. e3 Rac8 24. Bf1 Bh5 25. Be2 Qc7 26. Nfd2 Be8 27. Nxc4 bxc4 28.
Nd2 Qd6 29. b3 c3 30. Bxa6 Ra8 31. Be2 cxd2 32. Qxd2 Rxa3 33. Qb2 Rxa1 34. Qxa1
Kg7 35. Qa8 Bf7 36. Qb7 Ba5 37. Ra1 Qd8 1-0

[Event "21 Open Ciudad de Jaen"]
[Site "Jaen ESP"]
[Date "2011.02.06"]
[Round "4.8"]
[White "Campora Sivori, Daniel H"]
[Black "Hernandez, Alexander"]
[Result "1-0"]
[WhiteElo "2488"]
[BlackElo "2285"]
[PlyCount "83"]
[EventDate "2011.02.06"]
[EventType "swiss (rapid)"]
[EventRounds "9"]
[EventCountry "ESP"]
[Source "lmi"]
[SourceDate "2011.02.06"]

1. e4 e5 2. Nf3 Nc6 3. Nc3 Nf6 4. Bb5 Bb4 5. O-O O-O 6. d3 Bxc3 7. bxc3 d6 8.
h3 Ne7 9. Re1 Ng6 10. d4 c6 11. Bf1 Qa5 12. Bd2 Qc7 13. g3 h6 14. Bg2 Be6 15.
Kh2 Nd7 16. Ng1 f5 17. Qh5 Kh7 18. Qd1 Rh8 19. Rf1 Rhf8 20. dxe5 dxe5 21. Bc1
Nf6 22. Re1 Bc8 23. Bd2 Qa5 24. Bf1 Qc7 25. Bg2 Kg8 26. Nf3 Be6 27. Ng1 Nd7 28.
Qh5 Kh7 29. Nf3 Nf6 30. Ng5+ Kg8 31. Nxe6 Qf7 32. Qxf5 Ne7 33. Qg5 Nh7 34. Qe3
Qxf2 35. Rf1 Nf6 36. Rae1 Ng6 37. h4 Kh8 38. Rd1 c5 39. Nxf8 Nxf8 40. Kh3 b6
41. c4 Ng8 42. h5 1-0

[Event "21 Open Ciudad de Jaen"]
[Site "Jaen ESP"]
[Date "2011.02.06"]
[Round "4.9"]
[White "Roa Alonso, Santiago"]
[Black "Tamajon Castilla, Francisco"]
[Result "1-0"]
[WhiteElo "2439"]
[BlackElo "2030"]
[PlyCount "85"]
[EventDate "2011.02.06"]
[EventType "swiss (rapid)"]
[EventRounds "9"]
[EventCountry "ESP"]
[Source "lmi"]
[SourceDate "2011.02.06"]

1. e4 e5 2. Nf3 Nc6 3. Bc4 Bc5 4. c3 Nf6 5. d3 a6 6. Bb3 Ba7 7. Nbd2 d6 8. h3
O-O 9. g4 Be6 10. Qe2 Bxb3 11. axb3 Re8 12. Nf1 Nd7 13. b4 Nf8 14. Bg5 f6 15.
Be3 d5 16. Bxa7 Nxa7 17. Ne3 d4 18. Nf5 dxc3 19. bxc3 Nb5 20. c4 Nd6 21. c5 Nf7
22. Ra3 Ne6 23. h4 Nf4 24. Qc2 g6 25. Ne3 Qd7 26. h5 Rad8 27. Kf1 Qb5 28. Qc4
Rxd3 29. Qxb5 axb5 30. Rxd3 Nxd3 31. Nd5 Kg7 32. Nxc7 Rc8 33. Ne6+ Kg8 34. Ke2
Nxb4 35. Rb1 Na2 36. Rb2 Rc6 37. Rxa2 Rxe6 38. Ra5 b6 39. Ra6 Rc6 40. cxb6 Nd6
41. Ng1 f5 42. gxf5 gxf5 43. Ra1 1-0

[Event "21 Open Ciudad de Jaen"]
[Site "Jaen ESP"]
[Date "2011.02.06"]
[Round "5.2"]
[White "Granda Zuñiga, Julio E"]
[Black "Fedorchuk, Sergey A"]
[Result "1-0"]
[WhiteElo "2615"]
[BlackElo "2650"]
[PlyCount "65"]
[EventDate "2011.02.06"]
[EventType "swiss (rapid)"]
[EventRounds "9"]
[EventCountry "ESP"]
[Source "lmi"]
[SourceDate "2011.02.06"]

1. Nf3 Nf6 2. g3 b5 3. d4 Bb7 4. Nbd2 e6 5. Bg2 c5 6. c4 bxc4 7. Nxc4 cxd4 8.
O-O d5 9. Nxd4 Nbd7 10. Qa4 Bc5 11. Na5 Qb6 12. Nxb7 Qxb7 13. Nb3 Be7 14. Na5
Qa6 15. Qc6 Qc8 16. Be3 O-O 17. Rfc1 Ne5 18. Qxc8 Rfxc8 19. f4 Nfg4 20. Bd4
Rxc1+ 21. Rxc1 Bb4 22. Nb3 Nd7 23. e4 Ngf6 24. exd5 exd5 25. Rc7 a5 26. Bxd5
Nxd5 27. Rxd7 Nf6 28. Bxf6 gxf6 29. Kg2 Rc8 30. Nd4 Bf8 31. b3 Rc1 32. Rd8 Rd1
33. Ne6 1-0

[Event "21 Open Ciudad de Jaen"]
[Site "Jaen ESP"]
[Date "2011.02.06"]
[Round "5.3"]
[White "Matamoros Franco, Carlos S"]
[Black "Moreno Trujillo, Alejandro"]
[Result "0-1"]
[WhiteElo "2545"]
[BlackElo "2449"]
[PlyCount "92"]
[EventDate "2011.02.06"]
[EventType "swiss (rapid)"]
[EventRounds "9"]
[EventCountry "ESP"]
[Source "lmi"]
[SourceDate "2011.02.06"]

1. c4 Nf6 2. g3 c6 3. Bg2 d5 4. Nf3 Bf5 5. cxd5 cxd5 6. Qb3 Qb6 7. Nc3 e6 8. d3
Qxb3 9. axb3 Nc6 10. O-O Bc5 11. Bf4 h6 12. Rfc1 Bb4 13. Nb5 O-O 14. Nbd4 Nxd4
15. Nxd4 Bg6 16. Rc7 a5 17. Rxb7 Rfc8 18. Bh3 Kh8 19. Rc7 Rxc7 20. Bxc7 Ne8 21.
Bb6 Ra6 22. Bd8 Ra8 23. Nc6 Rc8 24. Nxb4 axb4 25. Be7 Rc2 26. Rb1 Rxe2 27. Bf1
Rc2 28. Bxb4 Nc7 29. Be1 Nb5 30. b4 Nd4 31. Kg2 Bh5 32. h3 Bf3+ 33. Kg1 f6 34.
Ra1 Rxb2 35. Bc3 Ne2+ 36. Bxe2 Rb1+ 37. Rxb1 e5 38. b5 d4 39. Be1 Bb7 40. b6
Kh7 41. g4 Kg6 42. Kh2 f5 43. Kg3 Bd5 44. f3 Bb7 45. gxf5+ Kxf5 46. f4 exf4+
0-1

[Event "21 Open Ciudad de Jaen"]
[Site "Jaen ESP"]
[Date "2011.02.06"]
[Round "5.6"]
[White "San Martin Ramos, Luis"]
[Black "Plaskett, H James"]
[Result "0-1"]
[WhiteElo "2158"]
[BlackElo "2475"]
[PlyCount "71"]
[EventDate "2011.02.06"]
[EventType "swiss (rapid)"]
[EventRounds "9"]
[EventCountry "ESP"]
[Source "lmi"]
[SourceDate "2011.02.06"]

1. e4 c5 2. d4 e6 3. Nf3 cxd4 4. c3 d3 5. Bxd3 Nc6 6. c4 Nf6 7. Nc3 d6 8. O-O
Be7 9. h3 O-O 10. Be3 b6 11. Nd4 Bb7 12. Qd2 Ne5 13. Rfd1 a6 14. Rac1 Rc8 15.
b3 Nxd3 16. Qxd3 Qc7 17. f4 Rfe8 18. f5 Bf8 19. fxe6 fxe6 20. Bg5 Nd7 21. Qg3
Ne5 22. Nf3 Qc5+ 23. Kh1 Nf7 24. Bf6 b5 25. Bd4 Qb4 26. cxb5 e5 27. bxa6 Ba8
28. Nd5 Bxd5 29. Rxc8 Rxc8 30. exd5 exd4 31. Rxd4 Qb6 32. Ra4 Ra8 33. Ng5 Nxg5
34. Qxg5 Rxa6 35. Rxa6 Qxa6 36. Qd2 0-1

[Event "21 Open Ciudad de Jaen"]
[Site "Jaen ESP"]
[Date "2011.02.06"]
[Round "5.7"]
[White "Aranaz Murillo, Amalia"]
[Black "Ivanov, Jordan"]
[Result "0-1"]
[WhiteElo "2137"]
[BlackElo "2469"]
[PlyCount "106"]
[EventDate "2011.02.06"]
[EventType "swiss (rapid)"]
[EventRounds "9"]
[EventCountry "ESP"]
[Source "lmi"]
[SourceDate "2011.02.06"]

1. Nf3 d6 2. d4 Nf6 3. c4 g6 4. g3 Bg7 5. Bg2 O-O 6. O-O c6 7. Nc3 Qa5 8. e4
Bg4 9. h3 Bxf3 10. Bxf3 Nbd7 11. Bd2 e5 12. d5 Qa6 13. Qe2 cxd5 14. cxd5 Qxe2
15. Bxe2 a6 16. Rfc1 Rfc8 17. Bf1 Bf8 18. Nb1 Nb8 19. Bg2 Bg7 20. Nc3 Rf8 21.
Bf3 Nbd7 22. Be2 Rfc8 23. f3 Nh5 24. Kg2 f5 25. b4 Nb6 26. Nd1 fxe4 27. fxe4
Nf6 28. Bf1 Rf8 29. Kg1 Nbd7 30. Nc3 Rfc8 31. Be2 Nh5 32. Kg2 Nb6 33. Nd1 Nf6
34. Nf2 h5 35. a4 Rxc1 36. Rxc1 Nxa4 37. Be3 a5 38. b5 Nd7 39. Nd3 Nab6 40. Bd2
a4 41. Bb4 Bh6 42. Ra1 Nc4 43. Ne1 Ndb6 44. Nc2 Bd2 45. Bd3 Bxb4 46. Nxb4 Ra5
47. Bf1 Ra8 48. Kg1 Nd7 49. Be2 Ncb6 50. Kg2 Nf6 51. Rc1 Nbd7 52. Ra1 Nb6 53.
Bd3 Ra5 0-1

[Event "21 Open Ciudad de Jaen"]
[Site "Jaen ESP"]
[Date "2011.02.06"]
[Round "5.8"]
[White "Razmyslov, Alexander"]
[Black "Martos Exposito, Manuel"]
[Result "1-0"]
[WhiteElo "2439"]
[BlackElo "2107"]
[PlyCount "83"]
[EventDate "2011.02.06"]
[EventType "swiss (rapid)"]
[EventRounds "9"]
[EventCountry "ESP"]
[Source "lmi"]
[SourceDate "2011.02.06"]

1. c4 b6 2. d4 Bb7 3. Nc3 e6 4. a3 d6 5. d5 e5 6. e4 Nd7 7. Bd3 g6 8. h4 h6 9.
h5 g5 10. Nge2 Bc8 11. Ng3 Ngf6 12. Bc2 a5 13. Be3 Bg7 14. Nb1 Bf8 15. Bc1 Ng8
16. Nc3 Bb7 17. Bd3 Bc8 18. Nge2 Ngf6 19. Ng3 Bg7 20. Be3 O-O 21. b4 axb4 22.
axb4 Ne8 23. Bf1 Bb7 24. Bc1 Nb8 25. Bd3 Nd7 26. Nge2 Bc8 27. Ng3 Nef6 28. Be3
Ne8 29. Kd2 Rb8 30. f3 Ndf6 31. Qa4 Nh7 32. Nf5 Bb7 33. g4 Nhf6 34. Qxe8 Nh7
35. Ra7 f6 36. Bf1 Ra8 37. Nb1 Bc8 38. Ke1 Bb7 39. Bc1 Bc8 40. Nc3 Rb8 41. Be3
Bb7 42. Kd2 1-0

[Event "21 Open Ciudad de Jaen"]
[Site "Jaen ESP"]
[Date "2011.02.06"]
[Round "5.9"]
[White "Aranaz Portugues, Jose Carlos"]
[Black "Roa Alonso, Santiago"]
[Result "0-1"]
[WhiteElo "2125"]
[BlackElo "2439"]
[PlyCount "76"]
[EventDate "2011.02.06"]
[EventType "swiss (rapid)"]
[EventRounds "9"]
[EventCountry "ESP"]
[Source "lmi"]
[SourceDate "2011.02.06"]

1. d4 Nf6 2. Bg5 e6 3. Nd2 c5 4. e3 Nc6 5. c3 cxd4 6. cxd4 Be7 7. Bd3 b6 8. Ne2
Nb4 9. Bb1 Ba6 10. Nf3 Rc8 11. a3 Nc6 12. O-O Na5 13. Bd3 Bxd3 14. Qxd3 Ng8 15.
Qd1 Nf6 16. Nd2 Ra8 17. Nf3 Rc8 18. Qd3 O-O 19. Rac1 h6 20. Bh4 d6 21. Qa6 Qd7
22. b4 Nc6 23. Nc3 Nb8 24. Qd3 Qb7 25. Rc2 a6 26. Rfc1 b5 27. Nd2 Nbd7 28. Nb3
Nb6 29. Na5 Qd7 30. Nb1 Qd8 31. Qd1 Ra8 32. Bg5 Rc8 33. Bh4 Qd7 34. Nc3 Qb7 35.
Qd3 Nbd7 36. Nb3 Nb6 37. Na5 Qd7 38. Nb1 d5 0-1

[Event "21 Open Ciudad de Jaen"]
[Site "Jaen ESP"]
[Date "2011.02.06"]
[Round "6.1"]
[White "Moreno Trujillo, Alejandro"]
[Black "Georgiev, Kiril"]
[Result "1-0"]
[WhiteElo "2449"]
[BlackElo "2669"]
[PlyCount "95"]
[EventDate "2011.02.06"]
[EventType "swiss (rapid)"]
[EventRounds "9"]
[EventCountry "ESP"]
[Source "lmi"]
[SourceDate "2011.02.06"]

1. d4 Nf6 2. Nf3 e6 3. Bf4 c5 4. e3 Nc6 5. c3 d5 6. Nbd2 Bd6 7. Bxd6 Qxd6 8.
Bb5 Bd7 9. O-O O-O 10. a4 Rac8 11. Qb3 Rfd8 12. Qa3 b6 13. Rfd1 Be8 14. h3 Na5
15. Ne5 Qc7 16. b4 Nb7 17. Ba6 Rb8 18. Bb5 a5 19. bxc5 bxc5 20. Rab1 c4 21.
Bxe8 Nxe8 22. e4 h6 23. exd5 exd5 24. Rb5 Nf6 25. Ng4 Nxg4 26. hxg4 Qf4 27. Qb2
Rd7 28. Nf3 f6 29. Rb1 Qxg4 30. Rb6 Kh7 31. Qc2+ Kh8 32. R1b5 Re7 33. Qb1 Qd7
34. Nh4 Kg8 35. Ng6 Rf7 36. Nf4 Qe8 37. Rxb7 Rbxb7 38. Rxb7 Rxb7 39. Qxb7 Qe1+
40. Kh2 Qxf2 41. Qxd5+ Kh7 42. Qe4+ Kg8 43. Ne2 f5 44. Qe6+ Kh7 45. Ng3 f4 46.
Qe4+ g6 47. Qe7+ Kh8 48. Ne4 1-0

[Event "21 Open Ciudad de Jaen"]
[Site "Jaen ESP"]
[Date "2011.02.06"]
[Round "6.3"]
[White "Fedorchuk, Sergey A"]
[Black "Badev, Kiril"]
[Result "1-0"]
[WhiteElo "2650"]
[BlackElo "2310"]
[PlyCount "63"]
[EventDate "2011.02.06"]
[EventType "swiss (rapid)"]
[EventRounds "9"]
[EventCountry "ESP"]
[Source "lmi"]
[SourceDate "2011.02.06"]

1. e4 e6 2. d4 d5 3. Nd2 Nc6 4. Ngf3 Nf6 5. e5 Nd7 6. Bd3 Nb4 7. Be2 c5 8. c3
Nc6 9. O-O cxd4 10. cxd4 f6 11. exf6 Qxf6 12. Nb3 Bd6 13. Bg5 Qf7 14. Bh4 h6
15. Bg3 Bxg3 16. hxg3 O-O 17. Bb5 Nf6 18. Bxc6 bxc6 19. Ne5 Qe8 20. Nc5 Nd7 21.
Ncxd7 Bxd7 22. Rc1 Rc8 23. Rc5 Rc7 24. Re1 Qb8 25. b3 Be8 26. Qg4 Rf6 27. Qe2
Qb4 28. Qe3 Qa3 29. Qd2 Qa6 30. Rec1 Qb7 31. b4 g5 32. Qd1 1-0

[Event "21 Open Ciudad de Jaen"]
[Site "Jaen ESP"]
[Date "2011.02.06"]
[Round "6.6"]
[White "Almagro Mazariegos, Sebastian"]
[Black "Campora Sivori, Daniel H"]
[Result "0-1"]
[WhiteElo "2308"]
[BlackElo "2488"]
[PlyCount "91"]
[EventDate "2011.02.06"]
[EventType "swiss (rapid)"]
[EventRounds "9"]
[EventCountry "ESP"]
[Source "lmi"]
[SourceDate "2011.02.06"]

1. e4 e5 2. Nf3 Nc6 3. d4 exd4 4. Nxd4 Bb4+ 5. Nc3 d6 6. Nxc6 bxc6 7. Qd4 Bxc3+
8. Qxc3 Nf6 9. Qxc6+ Bd7 10. Qc4 O-O 11. Bd3 Re8 12. O-O h6 13. Bd2 Rb8 14. Bc3
Bb5 15. Bxf6 Qxf6 16. Qxc7 Rec8 17. Qxa7 Bxd3 18. cxd3 Rxb2 19. Rac1 Rxc1 20.
Rxc1 Qc3 21. Qe3 Rd2 22. Qe1 Qxd3 23. a4 Re2 24. Qf1 Qxe4 25. Ra1 Rd2 26. a5
Qd4 27. Rc1 Ra2 28. Qe1 Qe5 29. Qxe5 dxe5 30. g3 Rxa5 31. Rc7 f6 32. h4 h5 33.
Kg2 Ra3 34. Rb7 Kh7 35. Rc7 Kh6 36. Rb7 Ra2 37. Kf3 f5 38. Rb6+ g6 39. Re6 e4+
40. Ke3 Kg7 41. Rb6 Ra3+ 42. Ke2 Rd3 43. Rc6 f4 44. gxf4 Rf3 45. Re6 Rxf4 46.
Ke1 0-1

[Event "21 Open Ciudad de Jaen"]
[Site "Jaen ESP"]
[Date "2011.02.06"]
[Round "6.7"]
[White "Sanchez Jimenez, Juan Carlos"]
[Black "Plaskett, H James"]
[Result "0-1"]
[WhiteElo "2249"]
[BlackElo "2475"]
[PlyCount "110"]
[EventDate "2011.02.06"]
[EventType "swiss (rapid)"]
[EventRounds "9"]
[EventCountry "ESP"]
[Source "lmi"]
[SourceDate "2011.02.06"]

1. d4 e6 2. c4 b6 3. Nf3 Bb7 4. g3 Bxf3 5. exf3 d5 6. Nc3 dxc4 7. Bxc4 c6 8.
O-O Nf6 9. Re1 Be7 10. f4 g6 11. Bf1 O-O 12. Bg2 Qd7 13. h3 Na6 14. Qa4 Nb4 15.
Be3 a5 16. Rac1 Rfc8 17. Re2 b5 18. Qd1 a4 19. a3 Nbd5 20. Nxd5 Nxd5 21. Rec2
Rc7 22. Be4 Rac8 23. Qf3 Kg7 24. Qe2 Bf6 25. Qf3 Ne7 26. Rd2 Nd5 27. Kg2 Nb6
28. Rdc2 Nd5 29. g4 Ne7 30. h4 Kg8 31. h5 Nd5 32. hxg6 hxg6 33. Rh1 Ne7 34. Rc5
Qd6 35. Re5 Bg7 36. Qh3 f5 37. gxf5 gxf5 38. Qh7+ Kf7 39. Bf3 Rh8 40. Qxh8 Bxh8
41. Rxh8 Ng6 42. Rh7+ Kg8 43. Rxc7 Qxc7 44. Rxe6 Nxf4+ 45. Bxf4 Qxf4 46. Rxc6
Qxd4 47. Rc2 Kg7 48. Rc7+ Kf6 49. Rc2 Kg5 50. Re2 Kf4 51. Ba8 Qd3 52. Re3 Qc2
53. Rf3+ Kg5 54. Bd5 Qc3 55. Bc6 Qc5 0-1

[Event "21 Open Ciudad de Jaen"]
[Site "Jaen ESP"]
[Date "2011.02.06"]
[Round "6.8"]
[White "Ivanov, Jordan"]
[Black "Ruiz Sanchez, Andres"]
[Result "1-0"]
[WhiteElo "2469"]
[BlackElo "2169"]
[PlyCount "117"]
[EventDate "2011.02.06"]
[EventType "swiss (rapid)"]
[EventRounds "9"]
[EventCountry "ESP"]
[Source "lmi"]
[SourceDate "2011.02.06"]

1. Nf3 d5 2. e3 c6 3. c4 e6 4. d4 f5 5. Nc3 Nf6 6. Qc2 Bd6 7. Bd3 O-O 8. cxd5
cxd5 9. Nb5 Bb4+ 10. Bd2 Nc6 11. a3 Bxd2+ 12. Nxd2 a6 13. Nc3 Bd7 14. O-O Ne4
15. Nb3 Qe7 16. f3 Nxc3 17. Qxc3 Rfc8 18. Qc5 Qg5 19. f4 Qe7 20. Rac1 Qxc5 21.
Nxc5 Rc7 22. Rc3 Kf7 23. Rfc1 Ke7 24. b4 Be8 25. Kf2 Rac8 26. Na4 b5 27. Nc5
Ra8 28. Rb1 Nd8 29. Ke2 Nb7 30. Kd2 Nd6 31. h3 a5 32. g4 axb4 33. axb4 Ra2+ 34.
Rc2 Rca7 35. gxf5 exf5 36. Rg1 g6 37. h4 R7a3 38. h5 Rxc2+ 39. Kxc2 Nc4 40.
hxg6 hxg6 41. Rh1 Nxe3+ 42. Kb2 Rxd3 43. Nxd3 Kf6 44. Rh8 Ke7 45. Rh1 Kf6 46.
Re1 Nc4+ 47. Kc3 Bc6 48. Nc5 Kf7 49. Ne6 Bd7 50. Nc7 Nd6 51. Nxd5 Ne4+ 52. Kd3
Be6 53. Ne3 Kf6 54. Ra1 g5 55. Ra6 Kf7 56. d5 Bd7 57. Ra7 Ke8 58. fxg5 Nxg5 59.
Ra6 1-0

[Event "21 Open Ciudad de Jaen"]
[Site "Jaen ESP"]
[Date "2011.02.06"]
[Round "6.9"]
[White "Castillo Gallego, Sergio"]
[Black "Razmyslov, Alexander"]
[Result "0-1"]
[WhiteElo "2234"]
[BlackElo "2439"]
[PlyCount "70"]
[EventDate "2011.02.06"]
[EventType "swiss (rapid)"]
[EventRounds "9"]
[EventCountry "ESP"]
[Source "lmi"]
[SourceDate "2011.02.06"]

1. d4 Nf6 2. c4 e6 3. Nf3 d5 4. g3 Bb4+ 5. Bd2 Be7 6. Bg2 O-O 7. O-O dxc4 8.
Qc2 b5 9. Ne5 Nd5 10. a4 f6 11. Nf3 c6 12. b3 cxb3 13. Qxb3 a6 14. e4 Nb6 15.
Ba5 Bd6 16. Nc3 Bc7 17. Bxb6 Bxb6 18. axb5 cxb5 19. Nxb5 Nc6 20. Nc3 Rb8 21.
Qa4 Nxd4 22. Rfd1 Nxf3+ 23. Bxf3 Qe7 24. Rd2 Bb7 25. Rd7 Qc5 26. Qa2 Qxc3 27.
Qxe6+ Kh8 28. Qe7 Qxa1+ 29. Kg2 Rg8 30. Rxb7 Rxb7 31. Qxb7 Qd4 32. Bg4 Qxf2+
33. Kh3 Qf1+ 34. Kh4 Be3 35. Qf7 Bg5+ 0-1

[Event "21 Open Ciudad de Jaen"]
[Site "Jaen ESP"]
[Date "2011.02.06"]
[Round "7.1"]
[White "Granda Zuñiga, Julio E"]
[Black "Moreno Trujillo, Alejandro"]
[Result "1-0"]
[WhiteElo "2615"]
[BlackElo "2449"]
[PlyCount "67"]
[EventDate "2011.02.06"]
[EventType "swiss (rapid)"]
[EventRounds "9"]
[EventCountry "ESP"]
[Source "lmi"]
[SourceDate "2011.02.06"]

1. Nf3 d5 2. g3 Nf6 3. Bg2 c6 4. d3 Bf5 5. O-O h6 6. b3 e6 7. Bb2 Be7 8. Nfd2
Bh7 9. e4 O-O 10. Nc3 a5 11. a4 Na6 12. h3 Nc5 13. Qe2 Qc7 14. f4 Rfd8 15. e5
Nfd7 16. Nf3 Na6 17. Kh1 Rdb8 18. g4 b5 19. f5 bxa4 20. Nxa4 exf5 21. e6 Nf6
22. exf7+ Kxf7 23. g5 Nd7 24. Rae1 Qd6 25. Ne5+ Nxe5 26. Bxe5 Qe6 27. gxh6 g6
28. Qf2 Re8 29. Bc3 Qd6 30. Nb6 Rab8 31. Nxd5 cxd5 32. Qd4 Rg8 33. Bxd5+ Kf8
34. Re6 1-0

[Event "21 Open Ciudad de Jaen"]
[Site "Jaen ESP"]
[Date "2011.02.06"]
[Round "7.2"]
[White "Georgiev, Kiril"]
[Black "Ivanov, Jordan"]
[Result "1-0"]
[WhiteElo "2669"]
[BlackElo "2469"]
[PlyCount "71"]
[EventDate "2011.02.06"]
[EventType "swiss (rapid)"]
[EventRounds "9"]
[EventCountry "ESP"]
[Source "lmi"]
[SourceDate "2011.02.06"]

1. d4 d5 2. c4 dxc4 3. e3 Nf6 4. Bxc4 e6 5. Nf3 c5 6. O-O Nc6 7. Qe2 a6 8. Rd1
b5 9. dxc5 Qc7 10. Bd3 Bxc5 11. Nc3 O-O 12. Ne4 Be7 13. Bd2 Bb7 14. Rac1 Qb6
15. a3 Rac8 16. b4 Nxe4 17. Bxe4 Bf6 18. Rc5 Be7 19. Rc2 f5 20. Bd3 e5 21. e4
f4 22. Bc3 Bf6 23. h3 Rfd8 24. Bb2 Nd4 25. Nxd4 exd4 26. e5 Rxc2 27. Bxc2 Be7
28. Be4 Bxe4 29. Qxe4 Qe6 30. Rxd4 Rf8 31. Rd3 g5 32. Rc3 Rd8 33. Rc6 Qb3 34.
Rc7 Qe6 35. Bd4 f3 36. gxf3 1-0